Vklady domácností

Analýza vkladov domácností založená na historickom vývoji celkového objemu na základe údajov z nbs.sk. Porovnanie celkového vývoja vkladov s celkovým vývojom úverov pre zistenie celkového finančného stavu domácností. Prezentované výsledky v grafickej podobe s analytickými hodnotami ako minimálna, ma...

ver descrição completa

Na minha lista:
Detalhes bibliográficos
Autor principal: Kmeťko, Miroslav, 1969-
Formato: Capítulo de Livro
Idioma:eslovaco
Assuntos:
Tags: Adicionar Tag
Sem tags, seja o primeiro a adicionar uma tag!

MARC

LEADER 00000naa$a2200000$$$4500
001 0271694
005 20240502074302.3
041 0 |a slo 
044 |a SK 
245 1 0 |a Vklady domácností  |c Miroslav Kmeťko 
520 |a Analýza vkladov domácností založená na historickom vývoji celkového objemu na základe údajov z nbs.sk. Porovnanie celkového vývoja vkladov s celkovým vývojom úverov pre zistenie celkového finančného stavu domácností. Prezentované výsledky v grafickej podobe s analytickými hodnotami ako minimálna, maximálna a priemerná hodnota so smerodajnou odchýlkou ako mierou rizika. Začiatok výskumu je v oblasti celkových grafov, bez zohľadnenia časovej štruktúry vkladov, čiže niektoré z nich sú vo forme termínovaných vkladov. Táto hodnota celkových vkladov je komparovaná s celkovou hodnotou úverov poskytnutých pre tú istú cieľovú oblasť. 
610 2 0 |a domácnosti 
610 2 0 |a príjmy domácností 
610 2 0 |a vklady 
610 2 0 |a dlhy 
610 2 0 |a miera úroková 
610 2 0 |a úver 
610 2 0 |a situácia finančná obyvateľstva 
610 2 0 |a Slovensko 
100 1 |a Kmeťko, Miroslav, 1969-